| 000 | 01101nam a2200301 i 4500 | ||
|---|---|---|---|
| 001 | 991061739598606706 | ||
| 003 | ES-BaIT | ||
| 005 | 20260327122136.0 | ||
| 008 | 260327s2001 sp 000 0 spa c | ||
| 017 |
_aM 1942-2001 _bOficina DL Madrid |
||
| 040 |
_aES-BaIT _bcat _erda _cES-BaIT |
||
| 080 | _a792.022.4 | ||
| 100 | 1 |
_aChana Fernández, Luis _9169175 _eautor |
|
| 245 | 1 | 0 |
_aLibro blanco de la contaminación acústica en el municipio de Madrid / _celaborado y redactado por el equipo formado por: Luis Chana Fernández [i 5 més] ; dirigido por: D. Plácido Perera Melero |
| 264 | 1 |
_aMadrid : _bAyuntamiento, _c2001 |
|
| 300 |
_a136, 32 pàgines : _bil·lustracions en color ; _c24 cm |
||
| 336 |
_atext _btxt _2rdacontent |
||
| 337 |
_asense mediació _bn _2rdamedia |
||
| 338 |
_avolum _bnc _2rdacarrier |
||
| 650 | 4 | _aContaminació acústica | |
| 650 | 4 | _aSo | |
| 650 | 4 | _aSoroll | |
| 700 | 1 |
_aPerera Melero, Plácido _eeditor literari _9169176 |
|
| 710 | 1 |
_aMadrid (Madrid). _bDepartamento de Calidad Ambiental _9169177 |
|
| 908 | _aCDMAE | ||
| 940 | _aCDMAE | ||
| 942 |
_2udc _c1 |
||
| 999 |
_c137331 _d137331 |
||